| 000 | 00664cpm a2200169 4500 | ||
|---|---|---|---|
| 008 | 090402n eng u | ||
| 020 | _a0683300091 | ||
| 035 | _a(Sirsi) a164632 | ||
| 050 | _aRC 454 | ||
| 100 | 1 | _aKaplan, Harold I. | |
| 245 |
_aConcise textbook of clinical psychiatry/ _cHarold I. Kaplan [and] Benjamin J. Sadock. Derived from:Kaplan and Sadock's synopsis of psychiatry /Harold I. Kaplan, Benjamin J. Sadock, Jack A. Grebb. 7th ed. c1994. |
||
| 260 |
_aBaltimore: _bWilliams and Wilkins, _c1996. |
||
| 504 | _aIncludes bibliographical references and index. | ||
| 650 | _aMental illness | ||
| 650 | _aPsychiatry | ||
| 700 | _aSadock, Benjamin J. | ||
| 999 |
_c47729 _d47729 |
||